[Event "Nationale pupillendag 2017 - categorie F"]
[Site "Meppel"]
[Date "2017.06.17"]
[Round "2.5"]
[White "Dekker, Thiemen"]
[Black "De Heij, Mees"]
[Result "0-1"]
[BlackElo "887"]
[WhiteElo "610"]
[LiveChessVersion "1.4.8"]

1. e4 {[%clk 0:15:17]} c5 {[%clk 0:15:18]} 2. Nf3 {[%clk 0:15:25]} Nc6
{[%clk 0:15:26]} 3. Bc4 {[%clk 0:15:33]} e5 {[%clk 0:15:34]} 4. d3
{[%clk 0:15:28]} Be7 {[%clk 0:15:42]} 5. Nc3 {[%clk 0:15:29]} d6 {[%clk 0:15:51]}
6. O-O {[%clk 0:15:16]} Nf6 {[%clk 0:15:59]} 7. Bg5 {[%clk 0:14:40]} Nd4
{[%clk 0:15:57]} 8. Bxf6 {[%clk 0:14:24]} Bxf6 {[%clk 0:16:03]} 9. Nd5
{[%clk 0:14:12]} Be6 {[%clk 0:16:08]} 10. Ne3 {[%clk 0:13:54]} Bxc4
{[%clk 0:16:12]} 11. Nxc4 {[%clk 0:13:53]} O-O {[%clk 0:16:13]} 12. c3
{[%clk 0:13:32]} Nxf3+ {[%clk 0:16:14]} 13. Qxf3 {[%clk 0:13:41]} Re8
{[%clk 0:16:16]} 14. Ne3 {[%clk 0:13:36]} Bg5 {[%clk 0:16:16]} 15. Rfe1
{[%clk 0:13:21]} Bxe3 {[%clk 0:16:22]} 16. Qxe3 {[%clk 0:13:26]} Qb6
{[%clk 0:16:25]} 17. b3 {[%clk 0:13:04]} Qa5 {[%clk 0:16:28]} 18. c4
{[%clk 0:12:51]} b5 {[%clk 0:16:32]} 19. Red1 {[%clk 0:12:02]} bxc4
{[%clk 0:16:36]} 20. dxc4 {[%clk 0:12:11]} Rad8 {[%clk 0:16:37]} 21. Qd2
{[%clk 0:11:56]} Qxd2 {[%clk 0:16:30]} 22. Rxd2 {[%clk 0:12:05]} Re6
{[%clk 0:16:33]} 23. Rad1 {[%clk 0:12:14]} h6 {[%clk 0:16:41]} 24. h3
{[%clk 0:12:17]} f6 {[%clk 0:16:32]} 25. g3 {[%clk 0:12:05]} Kf7 {[%clk 0:16:36]}
26. h4 {[%clk 0:12:06]} g6 {[%clk 0:16:44]} 27. Kg2 {[%clk 0:12:12]} f5
{[%clk 0:16:53]} 28. f3 {[%clk 0:12:06]} Rf6 {[%clk 0:16:48]} 29. Rd5
{[%clk 0:11:52]} Ke7 {[%clk 0:16:44]} 30. a4 {[%clk 0:11:50]} Rb8
{[%clk 0:16:46]} 31. Rb1 {[%clk 0:11:44]} fxe4 {[%clk 0:16:51]} 32. fxe4
{[%clk 0:11:48]} a5 {[%clk 0:16:55]} 33. b4 {[%clk 0:11:22]} axb4
{[%clk 0:16:57]} 34. g4 {[%clk 0:11:07]} Rf4 {[%clk 0:17:00]} 35. h5
{[%clk 0:10:24]} gxh5 {[%clk 0:17:04]} 36. gxh5 Rxe4 37. Kf3 {[%clk 0:10:14]}
Rxc4 {[%clk 0:17:11]} 38. a5 {[%clk 0:10:19]} Ra8 {[%clk 0:17:18]} 39. Ra1
{[%clk 0:10:28]} Rd4 {[%clk 0:17:25]} 40. Ke3 {[%clk 0:10:32]} Rxd5
{[%clk 0:17:46]} 41. Ke4 {[%clk 0:10:35]} Rd4+ {[%clk 0:17:53]} 42. Ke3
{[%clk 0:10:43]} b3 {[%clk 0:18:01]} 43. Rb1 {[%clk 0:10:24]} Rh4
{[%clk 0:18:07]} 44. Rxb3 {[%clk 0:10:27]} Rh3+ {[%clk 0:18:16]} 0-1

[Event "Nationale pupillendag 2017 - categorie F"]
[Site "Meppel"]
[Date "2017.06.17"]
[Round "2.6"]
[White "Smeets, Kobe"]
[Black "'t Hart, Samuel"]
[Result "1-0"]
[BlackElo "583"]
[WhiteElo "871"]
[LiveChessVersion "1.4.8"]

1. d4 {[%clk 0:15:17]} d5 {[%clk 0:15:19]} 2. c4 {[%clk 0:15:26]} c6
{[%clk 0:15:26]} 3. Nc3 {[%clk 0:15:35]} Bf5 {[%clk 0:15:32]} 4. Bf4
{[%clk 0:15:37]} e6 {[%clk 0:15:38]} 5. Nf3 {[%clk 0:15:42]} Nf6 {[%clk 0:15:34]}
6. e3 {[%clk 0:15:36]} Be7 {[%clk 0:15:02]} 7. c5 {[%clk 0:15:40]} b6
{[%clk 0:14:54]} 8. b4 {[%clk 0:15:44]} Nbd7 {[%clk 0:14:54]} 9. Bd3
{[%clk 0:15:39]} Bxd3 {[%clk 0:14:49]} 10. Qxd3 {[%clk 0:15:46]} O-O
{[%clk 0:14:48]} 11. O-O {[%clk 0:15:54]} b5 {[%clk 0:14:43]} 12. a4
{[%clk 0:15:52]} a6 {[%clk 0:14:47]} 13. axb5 {[%clk 0:15:41]} axb5
{[%clk 0:14:50]} 14. h3 {[%clk 0:14:58]} Qc8 {[%clk 0:14:28]} 15. Ne5
{[%clk 0:14:16]} Nxe5 16. Bxe5 Qd7 {[%clk 0:14:06]} 17. Rfd1 {[%clk 0:11:49]} Ra7
{[%clk 0:13:33]} 18. Rxa7 {[%clk 0:11:23]} Qxa7 {[%clk 0:13:38]} 19. e4
{[%clk 0:10:39]} Qa3 {[%clk 0:13:30]} 20. Nxd5 {[%clk 0:10:05]} exd5
{[%clk 0:13:27]} 21. Qxa3 {[%clk 0:10:13]} dxe4 {[%clk 0:13:33]} 22. Bxf6 Bxf6
{[%clk 0:13:39]} 23. Qe3 {[%clk 0:10:24]} Re8 {[%clk 0:13:47]} 24. f3
{[%clk 0:10:33]} h6 {[%clk 0:13:15]} 25. fxe4 {[%clk 0:10:40]} Bg5
{[%clk 0:13:22]} 26. Qf3 {[%clk 0:10:32]} Kh7 {[%clk 0:13:24]} 27. Qxf7
{[%clk 0:10:33]} Rxe4 {[%clk 0:13:29]} 28. Qf5+ {[%clk 0:10:42]} Kh8
{[%clk 0:13:05]} 29. Qxe4 {[%clk 0:10:51]} 1-0

[Event "Nationale pupillendag 2017 - categorie F"]
[Site "Meppel"]
[Date "2017.06.17"]
[Round "3.1"]
[White "Huang, Wendy"]
[Black "Smeets, Christiaan"]
[Result "1-0"]
[BlackElo "818"]
[WhiteElo "1146"]
[LiveChessVersion "1.4.8"]

1. e4 {[%clk 0:15:18]} e5 {[%clk 0:15:19]} 2. Nf3 {[%clk 0:15:25]} Nc6
{[%clk 0:15:28]} 3. d4 {[%clk 0:15:33]} Nf6 {[%clk 0:15:29]} 4. Nc3
{[%clk 0:14:53]} exd4 {[%clk 0:15:34]} 5. Nxd4 {[%clk 0:14:59]} Qe7
{[%clk 0:15:41]} 6. f3 {[%clk 0:14:49]} d5 7. Nxc6 {[%clk 0:14:35]} bxc6
{[%clk 0:15:53]} 8. Bd3 {[%clk 0:14:07]} Bf5 {[%clk 0:15:18]} 9. Bg5
{[%clk 0:13:13]} dxe4 {[%clk 0:15:21]} 10. fxe4 {[%clk 0:11:35]} Bg4
{[%clk 0:15:16]} 11. Bxf6 {[%clk 0:10:56]} Qxf6 {[%clk 0:15:10]} 12. Qxg4
{[%clk 0:10:34]} Bb4 {[%clk 0:15:15]} 13. e5 {[%clk 0:09:34]} Bxc3+
{[%clk 0:14:44]} 14. bxc3 {[%clk 0:09:42]} Qh6 {[%clk 0:14:06]} 15. O-O
{[%clk 0:09:27]} O-O {[%clk 0:14:14]} 16. Qf4 {[%clk 0:08:56]} Qh5
{[%clk 0:13:39]} 17. Bc4 {[%clk 0:08:33]} Rad8 {[%clk 0:12:51]} 18. e6
{[%clk 0:08:20]} Qc5+ {[%clk 0:12:56]} 19. Kh1 {[%clk 0:08:20]} Kh8
{[%clk 0:12:11]} 20. exf7 {[%clk 0:08:06]} a5 {[%clk 0:12:09]} 21. Bb3
{[%clk 0:07:00]} Qxc3 {[%clk 0:12:03]} 22. Qxc7 {[%clk 0:06:50]} h6
{[%clk 0:11:58]} 23. Qg3 {[%clk 0:06:26]} Qb2 {[%clk 0:11:33]} 24. Rab1
{[%clk 0:05:53]} Qd4 {[%clk 0:11:33]} 25. h3 {[%clk 0:05:27]} Qb4
{[%clk 0:11:26]} 26. Rbd1 {[%clk 0:04:05]} Qb6 {[%clk 0:11:13]} 27. Rxd8
{[%clk 0:04:00]} Qxd8 {[%clk 0:11:19]} 28. Qd3 {[%clk 0:03:56]} Qg5
{[%clk 0:11:06]} 29. Qd6 {[%clk 0:03:40]} Ra8 {[%clk 0:10:29]} 1-0

[Event "Nationale pupillendag 2017 - categorie F"]
[Site "Meppel"]
[Date "2017.06.17"]
[Round "3.2"]
[White "Feng, Elysia"]
[Black "Van Arendonk, Polle"]
[Result "1-0"]
[BlackElo "1105"]
[WhiteElo "806"]
[LiveChessVersion "1.4.8"]

1. e4 {[%clk 0:15:19]} e6 {[%clk 0:15:20]} 2. d4 {[%clk 0:15:27]} d5
{[%clk 0:15:29]} 3. e5 {[%clk 0:15:36]} c5 {[%clk 0:15:39]} 4. dxc5
{[%clk 0:15:41]} Bxc5 {[%clk 0:15:47]} 5. Nc3 {[%clk 0:15:50]} Nc6
{[%clk 0:15:54]} 6. Nf3 {[%clk 0:15:57]} Bd7 {[%clk 0:15:58]} 7. Bd3
{[%clk 0:16:05]} Nge7 {[%clk 0:15:55]} 8. Bg5 {[%clk 0:15:59]} Qb6
{[%clk 0:15:36]} 9. O-O {[%clk 0:16:04]} O-O {[%clk 0:15:00]} 10. Bxe7
{[%clk 0:15:58]} Bxe7 {[%clk 0:14:59]} 11. b3 {[%clk 0:15:52]} f6
{[%clk 0:14:27]} 12. exf6 {[%clk 0:15:54]} Bxf6 {[%clk 0:14:31]} 13. Qd2
{[%clk 0:16:00]} Qb4 {[%clk 0:14:09]} 14. Nxd5 {[%clk 0:14:18]} Qxd2
{[%clk 0:13:48]} 15. Nxf6+ {[%clk 0:14:26]} Rxf6 {[%clk 0:13:51]} 16. Nxd2
{[%clk 0:14:34]} Nd4 {[%clk 0:13:50]} 17. Bc4 {[%clk 0:14:28]} Nxc2
{[%clk 0:13:35]} 18. Rac1 {[%clk 0:14:16]} Nb4 {[%clk 0:13:22]} 19. a4
{[%clk 0:14:23]} a5 {[%clk 0:13:07]} 20. Ne4 {[%clk 0:14:09]} Rff8
{[%clk 0:12:21]} 21. Nc5 {[%clk 0:14:13]} Bc8 {[%clk 0:12:16]} 22. Nxe6
{[%clk 0:14:21]} Bxe6 {[%clk 0:12:15]} 23. Bxe6+ {[%clk 0:14:29]} Kh8
{[%clk 0:12:24]} 24. Rc7 {[%clk 0:14:35]} Rab8 {[%clk 0:12:14]} 25. Bg4
{[%clk 0:14:36]} h6 {[%clk 0:11:43]} 26. Bf3 {[%clk 0:14:41]} b5 {[%clk 0:11:16]}
27. Ra7 {[%clk 0:14:34]} bxa4 {[%clk 0:11:15]} 28. bxa4 {[%clk 0:14:43]} Rf5
{[%clk 0:11:08]} 29. h3 {[%clk 0:14:47]} Nd3 {[%clk 0:09:43]} 30. Be4
{[%clk 0:14:31]} Rf4 {[%clk 0:09:11]} 31. Bxd3 {[%clk 0:14:34]} Rxa4
{[%clk 0:09:19]} 32. Bf5 {[%clk 0:14:05]} Rf8 {[%clk 0:09:08]} 33. Bd7
{[%clk 0:13:59]} Rd4 {[%clk 0:09:00]} 34. Bb5 {[%clk 0:13:52]} Rb8
{[%clk 0:08:35]} 35. Rxa5 {[%clk 0:13:53]} Rd5 {[%clk 0:08:32]} 36. Rb1
{[%clk 0:14:01]} g5 {[%clk 0:07:25]} 37. g4 {[%clk 0:14:03]} Kg7 {[%clk 0:06:56]}
38. Kg2 {[%clk 0:14:10]} Kf6 {[%clk 0:06:59]} 39. Kg3 {[%clk 0:14:19]} Ke5
{[%clk 0:06:58]} 40. h4 {[%clk 0:14:09]} gxh4+ {[%clk 0:07:02]} 41. Kxh4
{[%clk 0:14:17]} Kf4 {[%clk 0:06:55]} 42. Bc6 {[%clk 0:14:03]} Rxb1
{[%clk 0:06:27]} 43. Bxd5 {[%clk 0:14:05]} Rf1 {[%clk 0:06:00]} 44. Ra4+
{[%clk 0:13:58]} Ke5 {[%clk 0:06:02]} 45. Ra5 {[%clk 0:13:59]} Rxf2
{[%clk 0:05:50]} 46. Kh5 {[%clk 0:14:01]} Rh2+ {[%clk 0:04:44]} 47. Kg6
{[%clk 0:14:05]} Kd6 {[%clk 0:04:33]} 48. Ba8 {[%clk 0:13:21]} Rh4
{[%clk 0:04:15]} 49. Ra4 {[%clk 0:13:04]} Ke5 {[%clk 0:03:41]} 50. Bc6
{[%clk 0:12:57]} Kd6 {[%clk 0:03:37]} 51. Be8 {[%clk 0:12:57]} Ke7
{[%clk 0:03:24]} 52. Bb5 {[%clk 0:12:56]} Kd6 {[%clk 0:03:27]} 53. Kf5
{[%clk 0:13:03]} h5 {[%clk 0:02:45]} 54. g5 {[%clk 0:12:40]} Rxa4
{[%clk 0:01:28]} 55. Bxa4 {[%clk 0:12:45]} Ke7 {[%clk 0:01:37]} 56. Bd1
{[%clk 0:12:51]} h4 {[%clk 0:01:42]} 57. Bf3 {[%clk 0:13:00]} Kf8
{[%clk 0:01:46]} 58. g6 {[%clk 0:13:09]} Kg7 {[%clk 0:01:55]} 59. Kg5
{[%clk 0:13:18]} h3 {[%clk 0:02:03]} 60. Kh5 {[%clk 0:13:22]} h2 {[%clk 0:02:09]}
61. Bh1 {[%clk 0:13:31]} Kg8 {[%clk 0:02:14]} 62. Kh6 {[%clk 0:13:40]} Kh8
{[%clk 0:02:21]} 63. g7+ {[%clk 0:13:41]} Kg8 {[%clk 0:02:30]} 64. Bd5# 1-0

[Event "Nationale pupillendag 2017 - categorie F"]
[Site "Meppel"]
[Date "2017.06.17"]
[Round "3.3"]
[White "Maris, Lauri"]
[Black "Reina, Samson"]
[Result "1-0"]
[BlackElo "771"]
[WhiteElo "1073"]
[LiveChessVersion "1.4.8"]

1. e4 {[%clk 0:15:19]} e5 {[%clk 0:15:19]} 2. Nf3 {[%clk 0:15:28]} Nc6
{[%clk 0:15:28]} 3. Bb5 {[%clk 0:15:36]} Nf6 {[%clk 0:15:37]} 4. Nc3
{[%clk 0:15:43]} Bb4 {[%clk 0:15:44]} 5. d3 {[%clk 0:15:52]} d6 {[%clk 0:15:53]}
6. Bxc6+ {[%clk 0:16:00]} bxc6 {[%clk 0:16:01]} 7. Bd2 {[%clk 0:16:09]} Bg4
{[%clk 0:16:10]} 8. h3 {[%clk 0:16:17]} Bh5 {[%clk 0:16:18]} 9. g4
{[%clk 0:16:21]} Bg6 {[%clk 0:16:23]} 10. a3 {[%clk 0:16:23]} Ba5
{[%clk 0:16:32]} 11. Ne2 {[%clk 0:16:23]} Bxd2+ {[%clk 0:16:34]} 12. Qxd2
{[%clk 0:16:30]} d5 {[%clk 0:16:40]} 13. exd5 {[%clk 0:16:36]} cxd5
{[%clk 0:16:49]} 14. Nxe5 {[%clk 0:16:42]} O-O {[%clk 0:16:35]} 15. O-O
{[%clk 0:16:23]} Nd7 {[%clk 0:15:48]} 16. Nxd7 {[%clk 0:16:28]} Qxd7
{[%clk 0:15:57]} 17. Nc3 {[%clk 0:16:22]} Rfe8 {[%clk 0:15:49]} 18. Rfe1
{[%clk 0:16:14]} d4 {[%clk 0:15:45]} 19. Ne4 {[%clk 0:16:01]} h5 {[%clk 0:15:22]}
20. Qf4 {[%clk 0:15:23]} hxg4 {[%clk 0:15:15]} 21. Qxg4 {[%clk 0:15:00]} Qc6
{[%clk 0:14:54]} 22. Rac1 {[%clk 0:14:10]} Re6 {[%clk 0:14:31]} 23. Ng5
{[%clk 0:13:28]} Rxe1+ {[%clk 0:14:09]} 24. Rxe1 {[%clk 0:13:36]} f6
{[%clk 0:13:42]} 25. Qf3 {[%clk 0:13:08]} Qxf3 {[%clk 0:13:17]} 26. Nxf3 Rb8
{[%clk 0:13:20]} 27. b3 {[%clk 0:13:18]} Re8 {[%clk 0:13:09]} 28. Rxe8+
{[%clk 0:13:22]} Bxe8 {[%clk 0:13:18]} 29. Nxd4 {[%clk 0:13:31]} a6
{[%clk 0:13:20]} 30. Ne6 {[%clk 0:13:31]} c6 {[%clk 0:13:26]} 31. Nc7
{[%clk 0:13:38]} Bf7 {[%clk 0:13:33]} 32. Nxa6 {[%clk 0:13:41]} Kf8
{[%clk 0:13:40]} 33. Nb8 {[%clk 0:13:44]} c5 {[%clk 0:13:48]} 34. Nd7+
{[%clk 0:13:47]} Ke7 {[%clk 0:13:56]} 35. Nxc5 {[%clk 0:13:54]} Kd6
{[%clk 0:14:06]} 36. Ne4+ {[%clk 0:14:03]} Kd5 {[%clk 0:14:24]} 37. a4
{[%clk 0:14:04]} Kd4 {[%clk 0:14:25]} 38. Kf1 {[%clk 0:13:55]} f5
{[%clk 0:14:27]} 39. Nd6 {[%clk 0:13:58]} Be6 {[%clk 0:14:26]} 40. Nb5+
{[%clk 0:14:07]} Kc5 {[%clk 0:14:33]} 41. Ke2 {[%clk 0:14:08]} Kb4
{[%clk 0:14:37]} 42. d4 {[%clk 0:14:05]} Bd5 {[%clk 0:14:47]} 43. Kd3
{[%clk 0:13:52]} 1-0

[Event "Nationale pupillendag 2017 - categorie F"]
[Site "Meppel"]
[Date "2017.06.17"]
[Round "3.4"]
[White "De Heij, Mees"]
[Black "Ponomarev, Ivan"]
[Result "1-0"]
[BlackElo "740"]
[WhiteElo "887"]
[LiveChessVersion "1.4.8"]

1. d4 {[%clk 0:15:18]} d5 {[%clk 0:15:15]} 2. c4 {[%clk 0:15:23]} e6
{[%clk 0:15:21]} 3. Nc3 {[%clk 0:15:31]} Nf6 {[%clk 0:15:29]} 4. Bg5
{[%clk 0:15:39]} Nbd7 {[%clk 0:15:37]} 5. Nf3 {[%clk 0:15:46]} dxc4
{[%clk 0:15:42]} 6. e4 {[%clk 0:15:54]} Bb4 {[%clk 0:15:44]} 7. e5
{[%clk 0:16:02]} Bxc3+ 8. bxc3 h6 {[%clk 0:15:46]} 9. Bh4 {[%clk 0:16:09]} g5
{[%clk 0:15:55]} 10. Nxg5 {[%clk 0:16:09]} hxg5 11. Bxg5 Rg8 {[%clk 0:14:58]} 12.
Bxf6 {[%clk 0:16:15]} Nxf6 {[%clk 0:15:06]} 13. exf6 {[%clk 0:16:23]} Qxf6
{[%clk 0:14:20]} 14. Bxc4 {[%clk 0:16:29]} c5 {[%clk 0:13:55]} 15. O-O
{[%clk 0:16:27]} cxd4 {[%clk 0:13:24]} 16. Qxd4 {[%clk 0:16:22]} Qxd4
{[%clk 0:12:53]} 17. cxd4 {[%clk 0:16:29]} a6 {[%clk 0:12:15]} 18. Rfe1
{[%clk 0:16:38]} b5 {[%clk 0:11:51]} 19. Bb3 {[%clk 0:16:33]} Bb7
{[%clk 0:10:48]} 20. g3 {[%clk 0:16:39]} O-O-O {[%clk 0:10:40]} 21. Rad1
{[%clk 0:16:37]} Rg4 {[%clk 0:09:20]} 22. Rxe6 {[%clk 0:15:32]} Rgxd4
{[%clk 0:08:12]} 23. Rxd4 {[%clk 0:15:28]} Rxd4 {[%clk 0:08:02]} 24. Re8+
{[%clk 0:15:22]} Kd7 25. Rb8 {[%clk 0:14:50]} Bc6 {[%clk 0:06:40]} 26. h3
{[%clk 0:14:47]} a5 {[%clk 0:06:34]} 27. g4 {[%clk 0:14:31]} Kc7 {[%clk 0:06:00]}
28. Rf8 {[%clk 0:14:31]} a4 {[%clk 0:04:39]} 29. Rxf7+ {[%clk 0:14:24]} Kb8
{[%clk 0:03:33]} 30. Be6 {[%clk 0:14:24]} Rd1+ {[%clk 0:03:37]} 31. Kh2
{[%clk 0:14:33]} Rh1+ {[%clk 0:03:45]} 32. Kg3 {[%clk 0:14:40]} Rg1+
{[%clk 0:03:49]} 33. Kh4 {[%clk 0:14:44]} Re1 {[%clk 0:03:44]} 34. Bd7
{[%clk 0:14:33]} Bd5 {[%clk 0:03:29]} 35. Rf5 {[%clk 0:14:22]} Bxa2
{[%clk 0:02:47]} 36. Rxb5+ {[%clk 0:14:19]} Kc7 {[%clk 0:02:55]} 37. Bf5
{[%clk 0:14:12]} Bb3 {[%clk 0:02:10]} 38. g5 {[%clk 0:13:58]} a3 {[%clk 0:01:17]}
39. Rxb3 {[%clk 0:14:05]} a2 {[%clk 0:01:26]} 40. Ra3 {[%clk 0:14:13]} 1-0

[Event "Nationale pupillendag 2017 - categorie F"]
[Site "Meppel"]
[Date "2017.06.17"]
[Round "3.5"]
[White "Westerhof, Joep"]
[Black "Smeets, Kobe"]
[Result "0-1"]
[BlackElo "871"]
[WhiteElo "724"]
[LiveChessVersion "1.4.8"]

1. f4 {[%clk 0:15:17]} d5 {[%clk 0:15:15]} 2. Nf3 {[%clk 0:15:20]} Nc6
{[%clk 0:15:22]} 3. e3 {[%clk 0:15:08]} Nf6 {[%clk 0:15:27]} 4. Nc3
{[%clk 0:15:06]} Bf5 {[%clk 0:15:30]} 5. d3 {[%clk 0:15:08]} e6 {[%clk 0:15:29]}
6. Bd2 {[%clk 0:15:14]} Bd6 {[%clk 0:15:14]} 7. Be2 {[%clk 0:15:17]} O-O
{[%clk 0:15:19]} 8. O-O {[%clk 0:15:24]} h6 {[%clk 0:15:22]} 9. a3
{[%clk 0:15:14]} a6 {[%clk 0:15:23]} 10. Qe1 {[%clk 0:14:47]} Qe7
{[%clk 0:15:17]} 11. Qf2 {[%clk 0:14:43]} Bg6 {[%clk 0:15:13]} 12. Rac1
{[%clk 0:14:23]} Rac8 {[%clk 0:14:07]} 13. b3 {[%clk 0:14:00]} Rfe8
{[%clk 0:13:58]} 14. a4 {[%clk 0:14:01]} Bb4 {[%clk 0:13:49]} 15. Nh4
{[%clk 0:13:26]} Bh7 {[%clk 0:13:38]} 16. Qg3 {[%clk 0:13:19]} d4
{[%clk 0:12:29]} 17. exd4 {[%clk 0:13:07]} Nxd4 {[%clk 0:12:37]} 18. Rf2
{[%clk 0:11:38]} Bxc3 {[%clk 0:11:33]} 19. Bxc3 {[%clk 0:11:36]} Nxe2+
{[%clk 0:11:42]} 20. Rxe2 {[%clk 0:11:31]} Qc5+ {[%clk 0:11:50]} 21. d4
{[%clk 0:11:07]} Qh5 {[%clk 0:10:54]} 22. Re5 {[%clk 0:10:58]} Bf5
{[%clk 0:09:16]} 23. Nxf5 {[%clk 0:10:20]} exf5 {[%clk 0:09:16]} 24. Rxe8+
{[%clk 0:10:22]} Rxe8 {[%clk 0:09:19]} 25. d5 {[%clk 0:10:25]} Qg6
{[%clk 0:08:19]} 26. Qxg6 {[%clk 0:10:22]} fxg6 {[%clk 0:08:27]} 27. Be5
{[%clk 0:10:26]} Nxd5 {[%clk 0:08:09]} 28. Rd1 {[%clk 0:10:10]} c6
{[%clk 0:08:02]} 29. c4 {[%clk 0:10:12]} Nf6 {[%clk 0:07:43]} 30. Rd6
{[%clk 0:10:06]} Kf7 {[%clk 0:07:10]} 31. Bxf6 {[%clk 0:10:08]} gxf6
{[%clk 0:07:18]} 32. Rd7+ {[%clk 0:10:15]} Re7 {[%clk 0:07:27]} 33. Rxe7+
{[%clk 0:10:16]} Kxe7 {[%clk 0:07:36]} 34. Kf2 {[%clk 0:10:24]} Kd6
{[%clk 0:07:45]} 35. Ke3 Kc5 {[%clk 0:07:50]} 36. Kd3 {[%clk 0:10:43]} g5
{[%clk 0:07:46]} 37. fxg5 {[%clk 0:10:48]} fxg5 {[%clk 0:07:55]} 38. Kc3
{[%clk 0:10:53]} b5 {[%clk 0:07:48]} 39. axb5 cxb5 {[%clk 0:07:52]} 40. cxb5
{[%clk 0:11:05]} axb5 {[%clk 0:07:42]} 41. b4+ {[%clk 0:11:13]} Kd5
{[%clk 0:07:50]} 42. Kd3 {[%clk 0:11:21]} h5 {[%clk 0:07:57]} 43. h3
{[%clk 0:11:23]} g4 {[%clk 0:08:02]} 44. hxg4 {[%clk 0:11:31]} fxg4
{[%clk 0:08:11]} 45. g3 {[%clk 0:11:38]} Ke5 {[%clk 0:08:00]} 46. Ke3
{[%clk 0:11:39]} Kf5 {[%clk 0:07:46]} 47. Kd4 {[%clk 0:11:44]} h4
{[%clk 0:07:50]} 48. gxh4 {[%clk 0:11:51]} g3 {[%clk 0:08:00]} 49. h5
{[%clk 0:11:58]} Kg5 {[%clk 0:08:07]} 50. Ke3 {[%clk 0:12:06]} Kxh5
{[%clk 0:08:03]} 51. Kf3 {[%clk 0:12:12]} g2 {[%clk 0:08:08]} 52. Kxg2
{[%clk 0:12:21]} Kg4 {[%clk 0:08:18]} 53. Kf2 {[%clk 0:12:29]} Kf4
{[%clk 0:08:27]} 54. Ke2 {[%clk 0:12:38]} Ke4 {[%clk 0:08:36]} 55. Kd2
{[%clk 0:12:48]} Kd4 {[%clk 0:08:45]} 56. Kc2 {[%clk 0:12:56]} Kc4
{[%clk 0:08:55]} 57. Kb2 {[%clk 0:13:06]} Kxb4 {[%clk 0:09:03]} 58. Ka2
{[%clk 0:13:15]} Kc3 {[%clk 0:09:13]} 59. Kb1 {[%clk 0:13:24]} Kb3
{[%clk 0:09:19]} 60. Kc1 {[%clk 0:13:33]} b4 {[%clk 0:09:26]} 61. Kb1
{[%clk 0:13:41]} Kc3 {[%clk 0:09:34]} 62. Kc1 {[%clk 0:13:49]} b3
{[%clk 0:09:42]} 63. Kb1 {[%clk 0:12:23]} b2 {[%clk 0:09:50]} 64. Ka2 Kc2 65. Ka3
{[%clk 0:11:13]} b1=Q {[%clk 0:09:57]} 66. Ka4 {[%clk 0:11:23]} Kc3
{[%clk 0:10:05]} 67. Ka5 {[%clk 0:11:32]} Kc4 {[%clk 0:10:15]} 68. Ka6
{[%clk 0:11:41]} Kc5 69. Ka7 {[%clk 0:12:00]} Kc6 {[%clk 0:10:33]} 70. Ka6 Qa1#
0-1

[Event "Nationale pupillendag 2017 - categorie F"]
[Site "Meppel"]
[Date "2017.06.17"]
[Round "3.6"]
[White "Aubel, Koen"]
[Black "Visser, Isaac"]
[Result "0-1"]
[BlackElo "735"]
[WhiteElo "819"]
[LiveChessVersion "1.4.8"]

1. e4 {[%clk 0:15:20]} e6 {[%clk 0:15:19]} 2. d4 {[%clk 0:15:28]} d5
{[%clk 0:15:27]} 3. Nc3 {[%clk 0:15:36]} Nc6 {[%clk 0:15:28]} 4. Nf3
{[%clk 0:15:42]} Bb4 {[%clk 0:15:32]} 5. Bd3 {[%clk 0:15:50]} Nge7
{[%clk 0:15:34]} 6. Bd2 {[%clk 0:15:50]} O-O {[%clk 0:15:35]} 7. O-O
{[%clk 0:15:36]} Bd7 {[%clk 0:15:29]} 8. a3 {[%clk 0:15:29]} Ba5 {[%clk 0:15:18]}
9. b4 {[%clk 0:15:33]} Bb6 {[%clk 0:15:25]} 10. Bf4 {[%clk 0:15:32]} Ng6
{[%clk 0:15:28]} 11. Bg3 {[%clk 0:15:28]} Nxd4 {[%clk 0:15:25]} 12. Re1
{[%clk 0:15:17]} Qe7 {[%clk 0:14:56]} 13. exd5 {[%clk 0:15:15]} Rfe8
{[%clk 0:14:42]} 14. Na4 {[%clk 0:14:39]} Bxa4 {[%clk 0:14:39]} 15. Re4
{[%clk 0:13:49]} Nxf3+ {[%clk 0:14:38]} 16. Qxf3 {[%clk 0:13:55]} Qd7
{[%clk 0:14:32]} 17. dxe6 {[%clk 0:14:02]} Rxe6 {[%clk 0:14:32]} 18. Rc4
{[%clk 0:13:24]} Bb5 {[%clk 0:14:14]} 19. Rc3 {[%clk 0:13:08]} Bd4
{[%clk 0:14:12]} 20. Rb3 {[%clk 0:13:08]} Bxa1 {[%clk 0:14:17]} 21. Rb1
{[%clk 0:13:15]} Be5 {[%clk 0:14:13]} 22. Bf5 {[%clk 0:13:21]} Bxg3
{[%clk 0:13:53]} 23. Qxg3 {[%clk 0:13:26]} Rd8 {[%clk 0:13:43]} 24. Bxe6
{[%clk 0:13:21]} Qd1+ {[%clk 0:13:46]} 0-1

[Event "Nationale pupillendag 2017 - categorie F"]
[Site "Meppel"]
[Date "2017.06.17"]
[Round "4.1"]
[White "Smeets, Kobe"]
[Black "Huang, Wendy"]
[Result "1/2-1/2"]
[BlackElo "1146"]
[WhiteElo "871"]
[LiveChessVersion "1.4.8"]

1. e4 {[%clk 0:15:18]} e5 {[%clk 0:15:19]} 2. Nf3 {[%clk 0:15:27]} Nc6
{[%clk 0:15:27]} 3. Bc4 {[%clk 0:15:36]} Bc5 {[%clk 0:15:33]} 4. c3
{[%clk 0:15:45]} Nf6 {[%clk 0:15:41]} 5. d3 {[%clk 0:15:54]} d6 {[%clk 0:15:31]}
6. O-O {[%clk 0:15:59]} Bg4 {[%clk 0:15:33]} 7. Bg5 {[%clk 0:15:59]} h6
{[%clk 0:15:31]} 8. Bh4 {[%clk 0:16:06]} g5 {[%clk 0:15:01]} 9. Bg3
{[%clk 0:16:13]} Nh5 {[%clk 0:14:54]} 10. Kh1 {[%clk 0:14:34]} Qf6
{[%clk 0:12:56]} 11. h3 {[%clk 0:13:42]} Bxf3 {[%clk 0:12:11]} 12. Qxf3
{[%clk 0:13:13]} Qxf3 {[%clk 0:11:58]} 13. gxf3 {[%clk 0:13:20]} Ke7
{[%clk 0:09:30]} 14. b4 {[%clk 0:13:12]} Bb6 {[%clk 0:09:34]} 15. Bd5
{[%clk 0:13:15]} a6 {[%clk 0:08:21]} 16. Bxc6 bxc6 {[%clk 0:08:28]} 17. Na3
{[%clk 0:12:42]} f6 {[%clk 0:06:59]} 18. Nc2 {[%clk 0:12:40]} a5 {[%clk 0:06:43]}
19. a3 {[%clk 0:12:26]} 1/2-1/2